LIBRARY & INFORMATION CENTRE, KCAET, TAVANUR

ONLINE PUBLIC ACCESS CATALOGUE (OPAC)

Spices and condiments | Origin, history and applications (Record no. 17522)

MARC details
000 -LEADER
fixed length control field 00419nam a22001577a 4500
003 - CONTROL NUMBER IDENTIFIER
control field OSt
008 - FIXED-LENGTH DATA ELEMENTS--GENERAL INFORMATION
fixed length control field 220618b |||||||| |||| 00| 0 eng d
020 ## - INTERNATIONAL STANDARD BOOK NUMBER
ISBN 9788170358039
082 ## - DEWEY DECIMAL CLASSIFICATION NUMBER
Classification number 630.301
Item number PAT/SP
100 ## - MAIN ENTRY--AUTHOR NAME
Personal name Patil, D A
100 ## - MAIN ENTRY--AUTHOR NAME
Personal name Dhale, D A
245 ## - TITLE STATEMENT
Title Spices and condiments
Remainder of title Origin, history and applications
260 ## - PUBLICATION, DISTRIBUTION, ETC. (IMPRINT)
Place of publication New Delhi
Name of publisher Daya Publishing House
Year of publication 2013
300 ## - PHYSICAL DESCRIPTION
Number of Pages 234p
942 ## - ADDED ENTRY ELEMENTS (KOHA)
Koha item type Books
Holdings
Withdrawn status Lost status Damaged status Home library Current library Shelving location Date acquired Source of acquisition Cost, normal purchase price Full call number Accession Number Koha item type
      KAUAET KAUAET KAU- SC Sub plan 31/03/2022 TBS 1195.00 630.301 PAT/SP 26057 Books
free website counter